全国城市轨道交通多线换乘站 - Statistics

General Stats
  • This quiz has been taken 201 times
    5 since last reset
  • The average score is 164 of 346
Answer Stats
统计专用代码 答案 % Correct
101010 西直门
100%
101020 东直门
100%
101023 首都机场线
100%
101040 国家图书馆
100%
101093 大兴机场线
100%
102010 西站
100%
102020 天津站
100%
102030 肿瘤医院
100%
301010 人民广场
100%
102011 1号线
100%
301011 1号线
100%
101052 10号线
100%
101071 10号线
100%
101081 10号线
100%
101091 10号线
100%
101062 11号线
100%
102043 11号线
100%
101013 13号线
100%
101022 13号线
100%
101101 13号线
100%
101043 16号线
100%
101011 2号线
100%
101021 2号线
100%
102021 2号线
100%
301012 2号线
100%
102022 3号线
100%
101012 4号线
100%
101031 4号线
100%
101041 4号线
100%
102012 4号线
100%
101051 5号线
100%
102031 5号线
100%
102041 5号线
100%
101032 6号线
100%
101061 6号线
100%
102013 6号线
100%
102032 6号线
100%
102042 6号线
100%
102033 7号线
100%
301013 8号线
100%
101042 9号线
100%
102023 9号线
100%
101030 平安里
67%
101050 宋家庄
67%
101053 亦庄线
67%
101060 金安桥
67%
101070 三元桥
67%
101073 首都机场线
67%
101080 十里河
67%
101090 草桥
67%
101100 望京西
67%
102040 文化中心
67%
301020 上海火车站
67%
301030 上海南站
67%
301040 徐家汇
67%
301050 陕西南路
67%
301070 中山公园
67%
301080 世纪大道
67%
301090 静安寺
67%
301100 龙阳路
67%
301105 磁浮线
67%
301110 虹桥火车站
67%
301123 市域机场线
67%
301130 南京西路
67%
301142 磁浮线
67%
301143 市域机场线
67%
301200 东方体育中心
67%
301021 1号线
67%
301031 1号线
67%
301041 1号线
67%
301051 1号线
67%
301061 1号线
67%
301052 10号线
67%
301112 10号线
67%
301122 10号线
67%
301173 10号线
67%
301043 11号线
67%
301183 11号线
67%
301203 11号线
67%
101072 12号线
67%
301053 12号线
67%
301062 12号线
67%
301132 12号线
67%
301140 浦东1号2号航站楼
67%
301063 13号线
67%
301133 13号线
67%
301193 13号线
67%
101082 14号线
67%
301093 14号线
67%
301184 14号线
67%
101102 15号线
67%
301033 15号线
67%
301103 16号线
67%
101083 17号线
67%
101103 17号线
67%
301113 17号线
67%
301104 18号线
67%
101033 19号线
67%
101092 19号线
67%
301071 2号线
67%
301081 2号线
67%
301091 2号线
67%
301101 2号线
67%
301111 2号线
67%
301120 虹桥2号航站楼
67%
301121 2号线
67%
301131 2号线
67%
301141 2号线
67%
301022 3号线
67%
301032 3号线
67%
301072 3号线
67%
301151 3号线
67%
301161 3号线
67%
301171 3号线
67%
301181 3号线
67%
301191 3号线
67%
301023 4号线
67%
301073 4号线
67%
301082 4号线
67%
301152 4号线
67%
301162 4号线
67%
301172 4号线
67%
301182 4号线
67%
301192 4号线
67%
301083 6号线
67%
301201 6号线
67%
301092 7号线
67%
301102 7号线
67%
301153 7号线
67%
301202 8号线
67%
301042 9号线
67%
301084 9号线
67%
301163 9号线
67%
101063 S1线
67%
301150 镇坪路
33%
301160 宜山路
33%
301180 曹杨路
33%
302010 南京南站
33%
303010 西湖文化广场
33%
303020 萧山国际机场
33%
303030 钱江路
33%
303040 绿汀路
33%
304010 合肥南站
33%
305013 滨海快线
33%
306010 青岛北站
33%
401010 郑州东站
33%
401020 医学院
33%
402010 宏图大道
33%
402020 香港路
33%
402030 徐家棚
33%
403010 广州东站
33%
403020 西塱
33%
403024 广佛线
33%
403050 广州南站
33%
403070 大学城南
33%
403080 天河公园
33%
404030 车公庙
33%
404070 布吉
33%
404090 深圳北站
33%
501020 沙坪坝
33%
501023 环线
33%
501030 重庆北站南广场
33%
501033 环线
33%
501040 冉家坝
33%
501043 环线
33%
501053 江跳线
33%
501063 环线
33%
502020 火车南站
33%
502030 孵化园
33%
502040 中医大省医院
33%
503070 福田
33%
503010 火车北站
33%
601010 纺织城
33%
601020 西安北站
33%
701010 金钟
33%
302011 1号线
33%
303011 1号线
33%
303021 1号线
33%
304011 1号线
33%
306011 1号线
33%
401011 1号线
33%
401021 1号线
33%
403011 1号线
33%
403021 1号线
33%
403031 1号线
33%
404011 1号线
33%
404021 1号线
33%
404031 1号线
33%
501011 1号线
33%
501021 1号线
33%
502011 1号线
33%
502021 1号线
33%
502031 1号线
33%
601011 1号线
33%
401023 10号线
33%
403022 10号线
33%
404052 10号线
33%
404103 10号线
33%
501032 10号线
33%
502053 10号线
33%
502063 10号线
33%
403013 11号线
33%
403032 11号线
33%
403081 11号线
33%
404023 11号线
33%
404034 11号线
33%
404043 11号线
33%
404053 11号线
33%
404062 11号线
33%
404112 11号线
33%
403073 12号线
33%
403082 13号线
33%
404063 13号线
33%
403043 14号线
33%
404054 14号线
33%
404073 14号线
33%
404082 14号线
33%
601023 14号线
33%
303043 16号线
33%
404083 16号线
33%
403062 18号线
33%
501013 18号线
33%
501052 18号线
33%
502013 18号线
33%
502023 18号线
33%
502033 18号线
33%
503071 18号线
33%
303013 19号线
33%
303023 19号线
33%
503072 19号线
33%
303031 2号线
33%
402011 2号线
33%
403041 2号线
33%
403051 2号线
33%
403054 佛山2号线
33%
404012 2号线
33%
404041 2号线
33%
404051 2号线
33%
404061 2号线
33%
502041 2号线
33%
503011 2号线
33%
601021 2号线
33%
403083 21号线
33%
403023 22号线
33%
403033 22号线
33%
403053 22号线
33%
403063 22号线
33%
302012 3号线
33%
303012 3号线
33%
303041 3号线
33%
306012 3号线
33%
402012 3号线
33%
402021 3号线
33%
403012 3号线
33%
403042 3号线
33%
403061 3号线
33%
404042 3号线
33%
404071 3号线
33%
404081 3号线
33%
501031 3号线
33%
502051 3号线
33%
502061 3号线
33%
303032 4号线
33%
304012 4号线
33%
305011 4号线
33%
403071 4号线
33%
404091 4号线
33%
404101 4号线
33%
502042 4号线
33%
503012 4号线
33%
601022 4号线
33%
303042 5号线
33%
304013 5号线
33%
305012 5号线
33%
401012 5号线
33%
402031 5号线
33%
404013 5号线
33%
404022 5号线
33%
404072 5号线
33%
404092 5号线
33%
501012 5号线
33%
501041 5号线
33%
501051 5号线
33%
502043 5号线
33%
502052 5号线
33%
503013 5号线
33%
402022 6号线
33%
404093 6号线
33%
404111 6号线
33%
501042 6号线
33%
501061 6号线
33%
502012 6号线
33%
601012 6号线
33%
303022 7号线
33%
401022 7号线
33%
402023 7号线
33%
402032 7号线
33%
403052 7号线
33%
403072 7号线
33%
404032 7号线
33%
404102 7号线
33%
502022 7号线
33%
502062 7号线
33%
306013 8号线
33%
401013 8号线
33%
402013 8号线
33%
402033 8号线
33%
303033 9号线
33%
404033 9号线
33%
501022 9号线
33%
501062 9号线
33%
502032 9号线
33%
601013 9号线
33%
302013 S1号线
33%
302014 S3号线
33%
503073 S3线
33%
301060 汉中路
0%
301170 虹桥路
0%
301190 金沙江路
0%
305010 帝封江
0%
403030 芳村
0%
403040 嘉禾望岗
0%
403060 番禺广场
0%
404010 大剧院
0%
404020 前海湾
0%
404040 福田
0%
404050 岗厦北
0%
404060 后海
0%
404080 大运
0%
404100 福民
0%
404110 松岗
0%
501010 歇台子
0%
501050 跳磴
0%
501060 五里店
0%
502010 西博城
0%
502050 高升桥
0%
502060 太平园
0%
701011 东铁线
0%
701012 荃湾线
0%
701013 港岛线
0%
701014 南港岛线
0%
702010 台北车站
0%
702011 淡水信义线
0%
702012 板南线
0%
702013 桃园机场捷运
0%
404113 12号线
0%
No matching quizzes found
Score Distribution
Percent of People with Each Score
Percentile by Number Answered
Your Score History
You have not taken this quiz since the last reset